LEADER 00965nam a2200241 i 4500 001 000000239503 003 CaOOAMICUS 005 20240130093916.0 008 150309s1969 it u000 u ita u 040 $aSeMil$bita 100 1 $aGurvitch, Georges,$d<1894-1965>.$0(OLS)http://semarc/name/9422 240 14$aLes cadres sociaux de la connaissance.$0(OLS)http://semarc/title/341026 245 12$aI quadri sociali della conoscenza /$cGeorges Gurvitch. 264 1$aRoma :$bAVE,$c1969. 300 $a317 p. ;$c22 cm. 490 1 $aSociale ;$v9 650 4$aSociologia della conoscenza.$0(OLS)http://semarc/subject/15793 830 0$aSociale ;$v9.$0(OLS)http://semarc/title/6689 850 $aSeMil 852 $aSeMil$W1$xVenegono$y1$m3N II 369$j189849$B189849$CSeMilBibl$Z2$F200675 $81 996 $6245$aI quadri sociali della conoscenza$9(OLS)http://semarc/title/341025 996 $6264$aRoma :$bAVE$9(OLS)http://semarc/publisher/30251 LEADER 00585nam a2200169 i 4500 001 000000188229 003 CaOOAMICUS 005 20150603000000.0 008 150603s1900 it u000 u ita u 013 $a166398 040 $aSeMil$bita 245 10$aFede. 300 $aVIII, 381 p. 773 0 $aArosio, Luigi$tCorso di istruzioni catechistiche ad uso delle famiglie cristiane.$dMilano : L. F. Cogliati, 1900-1901.$g1$w()31973 850 $aSeMil 852 $aSeMil$W1$xVenegono$y1$m3F II 57 FA$j138890$B138890$CSeMilBibl$Z2$F150472 $8I 996 $6245$aFede$9(OLS)http://semarc/title/139852